000 00655nam a2200217 i 4500
001 141920
003 ES-MaACL
005 20250724074708.0
007 t|
008 071001s1952 sp ||||1| spa d
080 _a511(075.3)
080 _a512(075.3)
100 1 _aViñes y Martorell, José.
_9115394
245 1 0 _aTeoría y práctica de aritmética y álgebra /
_cJosé Viñes y Martorell.
260 _aAlicante :
_b[s.n.],
_c1952 (
_fGráf. Gutemberg)
300 _a97 p. ;
_c24 cm.
650 1 7 _aAritmética
_2embne
_99963
650 7 _aÁlgebra
_2embne
_99720
852 _aES-MaACL
_j1944-F-25
_bR.33378
999 _c141920
_d141920